Forschungen zur baltischen Geschichte : 19 (2024) /
Die "Forschungen zur baltischen Geschichte" sind das führende wissenschaftliche Periodikum mit einem Fokus auf der Geschichte der drei Staaten Estland, Lettland und Litauen. In diesem Heft geht es um Kommunikation im Schwedischen Reich, die Debatten um die Leibeigenschaft der Bauern in den...
مؤلفون آخرون: ,
التنسيق: كتاب الكتروني
اللغة:
English
German
منشور في:
Paderborn :
Ferdinand Schöningh, Brill Deutschland,
2025.
سلاسل:
Forschungen zur baltischen Geschichte ;
19.
Schöningh and Fink Early Modern and Modern History E-Books Online, Collection 2025.
الموضوعات:
الوصول للمادة أونلاين: Login to view Source
الوسوم: إضافة وسم
رقم الطلب: D210
| LEADER | 02410nam a22004698i 4500 | ||
|---|---|---|---|
| 001 | BRILL9783657797141 | ||
| 003 | nllekb | ||
| 005 | 20250308131601.0 | ||
| 006 | m d | ||
| 007 | cr un uuuua | ||
| 008 | 241108s2025 gw sb 001 0 eng d | ||
| 020 | |a 9783657797141 |q (electronic book) | ||
| 020 | |z 9783506797148 |q (print) | ||
| 024 | 7 | |a 10.30965/9783657797141 |2 DOI | |
| 040 | |a NL-LeKB |c NL-LeKB |e rda | ||
| 041 | |a ger |a eng | ||
| 050 | 4 | |a D210 | |
| 072 | 7 | |a HBJQ |2 bicssc | |
| 072 | 7 | |a HIS |x 000000 |2 bisacsh | |
| 082 | 0 | 4 | |a 336.7305 |2 23 |
| 245 | 0 | 0 | |a Forschungen zur baltischen Geschichte : |b 19 (2024) / |c edited by Mati Laur, Karsten Brüggemann. |
| 246 | 3 | |a 19 (2024) | |
| 264 | 1 | |a Paderborn : |b Ferdinand Schöningh, Brill Deutschland, |c 2025. | |
| 264 | 4 | |c ©2025 | |
| 300 | |a 1 online resource (314 pages) : |b illustrations. | ||
| 336 | |a text |b txt |2 rdacontent | ||
| 337 | |a computer |b c |2 rdamedia | ||
| 338 | |a online resource |2 rdacarrier | ||
| 490 | 1 | |a Forschungen zur baltischen Geschichte ; |v 19 | |
| 490 | 1 | |a Schöningh and Fink Early Modern and Modern History E-Books Online, Collection 2025 | |
| 504 | |a Includes bibliographical references and index. | ||
| 520 | |a Die "Forschungen zur baltischen Geschichte" sind das führende wissenschaftliche Periodikum mit einem Fokus auf der Geschichte der drei Staaten Estland, Lettland und Litauen. In diesem Heft geht es um Kommunikation im Schwedischen Reich, die Debatten um die Leibeigenschaft der Bauern in den russischen Ostseeprovinzen, deutsche Schulbildung in der Republik Estland und die sowjetische Lettland-Politik in der Zwischenkriegszeit sowie Privilegien der Eliten im sowjetischen Estland und Komsomolkarrieren in Lettland. Ein umfangreicher Rezensionsteil rundet den diesjährigen Band der "Forschungen zur baltischen Geschichte" ab. | ||
| 546 | |a German and English | ||
| 650 | 0 | |a History, Modern. | |
| 700 | 1 | |a Brüggemann, Karsten, |e editor. | |
| 700 | 1 | |a Laur, Mati, |e editor. | |
| 776 | 0 | 8 | |i Print version: |t Forschungen zur baltischen Geschichte : 19 (2024). |d Paderborn : |b Ferdinand Schöningh, Brill Deutschland, |c 2025. |z 9783506797148 |
| 830 | 0 | |a Forschungen zur baltischen Geschichte ; |v 19. | |
| 830 | 0 | |a Schöningh and Fink Early Modern and Modern History E-Books Online, Collection 2025. | |
| 856 | 4 | |z DOI: |u http://dx.doi.org/10.30965/9783657797141 | |
| 942 | |2 lcc |c EBOOK | ||
| 999 | |c 60547 |d 60547 | ||
